000 01005 a2200229 4500
999 _c10407
_d10407
020 _a9780128047347 (paperback)
020 _a0128047348
050 0 0 _aRC692.ATH 2017
100 1 _aAthanasiou, Lambros S.,
_eauthor.
245 1 0 _aAtherosclerotic plaque characterization methods based on coronary imaging /
_cLambros S Athanasiou; Dimitrios I Fotiadis; Lampros K Michalis
264 1 _aLondon :
_bAcademic Press, an imprint of Elsevier ;
_c2017
300 _axiv, 219 pages :
_billustrations (some color) ;
500 _aIncludes bibliographical references and index.
504 _aIncludes bibliographical references and index.
650 0 _aAtherosclerotic plaque
_xComputer simulation.
650 0 _aHEALTH & FITNESS
_xDiseases -- General.
650 2 _aPlaque, Atherosclerotic
_xdiagnostic imaging.
700 1 _aFotiadis, Dimitrios I.,
_eauthor.
700 1 _aMichalis, Lampros K.,
_eauthor.
942 _2lcc
_cBK
_h692
_iATH
_kRC